| 000 | 00916cam a2200253 i 4500 | ||
|---|---|---|---|
| 005 | 20251108191217.0 | ||
| 008 | 251105q1995 le gr 000 0 ara d | ||
| 040 |
_aJO-AmGAM _erda |
||
| 041 | 1 |
_aara _hfre |
|
| 082 | 1 | 4 |
_a131.32 _bس و ز |
| 100 | 1 |
_aسوزاريني، فرانسوا _eمؤلف. |
|
| 245 | 1 | 0 |
_aإقهر الخجل وإختبارات نفسيه متفرقة / _cتأليف فرنسوا سوزاريني ؛ ترجمة سمير شيخاني. |
| 250 | _aالطبعة الثانية. | ||
| 264 | 3 | 1 |
_aبيروت : _bدار الجيل، _c[بين 1995 و 1999]. |
| 300 | _a349 صفحة. | ||
| 336 |
_aنص _btxt _2rdacontent |
||
| 337 |
_aدون وسيط عرض _bn _2rdamedia |
||
| 338 |
_aمجلد _bnc _2rdacarrier |
||
| 650 | 1 | 7 | _aالصحة النفسية. |
| 650 | 1 | 7 | _aالخجل. |
| 700 | 1 |
_aشيخاني، سمير _eمترجم. |
|
| 942 |
_2ddc _cBK |
||
| 999 |
_c247203 _d247203 |
||